Normal view MARC view

Entry Personal Name

Number of records used in: 1

001 - CONTROL NUMBER

  • control field: 9177

003 - CONTROL NUMBER IDENTIFIER

  • control field: DLC

005 - DATE AND TIME OF LATEST TRANSACTION

  • control field: 20221029111206.0

008 - FIXED-LENGTH DATA ELEMENTS

  • fixed length control field: 940829n| acannaab |n aaa

010 ## - LIBRARY OF CONGRESS CONTROL NUMBER

  • LC control number: n 94082985

040 ## - CATALOGING SOURCE

  • Original cataloging agency: DLC
  • Transcribing agency: DLC
  • Modifying agency: DLC

100 10 - HEADING--PERSONAL NAME

  • Personal name: Hopkins, William G.

670 ## - SOURCE DATA FOUND

  • Source citation: His Introduction to plant physiology, c1995:
  • Information found: CIP t.p. (William G. Hopkins, Univ. of Western Ontario)

670 ## - SOURCE DATA FOUND

  • Source citation: Photosynthesis and respiration, 2006:
  • Information found: ECIP t.p. (William Hopkins)

670 ## - SOURCE DATA FOUND

  • Source citation: Email to pub., July 7, 2005 (William G. Hopkins; b. Aug. 15, 1937)

Powered by Koha